000 00749nam a2200253 i 4500
001 C2-0306286
003 PPAK
005 20180728091801.0
008 101020s2009 my a|||| ||||| | may d
020 _a9689679121261
040 _aPPAK
_beng
_cPPAK
_erda
082 0 4 _a959.5
_223
090 0 0 _a959.5
_bKUM
_dKMI
090 0 0 _a959.5
_bKUM
_dR
245 0 0 _aKumpulan Kertas Kerja Seminar
_b60 tahun penubuhan persekutuan tanah melayu
250 _aPenerbitan Pertama
264 1 _aKuala Lumpur :
_bArkib Negara Malaysia ,
_c2009
300 _a170 pages :
_bcolour illustrations ;
_c27 cm
336 _2rdacontent
_atext
337 _2rdamedia
_aunmediated
338 _2rdacarrier
_avolume
650 1 0 _aMalaysia - History.
942 _ddc
_cB
999 _c109205
_d109205